| 000 | 00409nam a2200157Ia 4500 | ||
|---|---|---|---|
| 008 | 230917s9999||||xx |||||||||||||| ||und|| | ||
| 040 |
_e222191 _aMAIN |
||
| 041 | _aEnglish | ||
| 082 | _a647.94 R137G | ||
| 100 | _aRajpal, Nandini | ||
| 245 | 0 | _aGuest service Management | |
| 260 |
_aNew Delhi _bAnmol Publications _c2013 |
||
| 300 | _aviii, 248 p. | ||
| 500 | _a1802 07/01/2015 Main Budget | ||
| 942 | _cBK | ||
| 999 |
_c13385 _d13385 |
||